| 000 | 01044cam a22003377a 4500 | ||
|---|---|---|---|
| 003 | CHAP | ||
| 005 | 20220817043446.0 | ||
| 008 | 980626d1997 it r 00110 eng d | ||
| 010 | _a75840 | ||
| 011 | _a76812 | ||
| 020 | _a925103799X | ||
| 035 | _a86401 | ||
| 040 | _cCHAP | ||
| 082 | 0 | 4 |
_a632.93 _bF3 v.141 |
| 110 | _aFAO | ||
| 245 | 1 | 0 |
_aCotton pest and their control in the Near East _c/by FAO |
| 260 |
_aRome : _bFAO, _c1997. |
||
| 300 | _a273 p. | ||
| 490 | 0 |
_aFAO. Producción y protección vegetal _v; 141 |
|
| 590 |
_aBATCH-UPD _b10 _c20130110 _lUCH01 _h1625 |
||
| 590 |
_aBATCH-UPD _b10 _c20130410 _lUCH01 _h1019 |
||
| 590 |
_aBATCH-UPD _b10 _c20130914 _lUCH01 _h0315 |
||
| 590 |
_aCONVERSION _b10 _c20130109 _lUCH01 _h1341 |
||
| 650 | 1 | 4 |
_aAlgodón _xPlagas. _94046 |
| 650 | 1 | 4 |
_aControl de plagas. _927595 |
| 830 | 0 |
_aFAO. Producción y protección vegetal _v; 141 _939654 |
|
| 901 | _aBK | ||
| 905 | _aLilia Sánchez G. | ||
| 942 | _cLIBRO | ||
| 949 |
_a632.93 F3 v.141 _bBC _cFAO _d33724000697298 _eFAO1 _h93601 _i86401 _kDonaciØn _sb |
||
| 999 |
_c75840 _d75840 |
||